AFCON Champions quiz - Statistics

General Stats
  • This quiz has been taken 203 times
    28 since last reset
  • The average score is 31 of 35
Answer Stats
Year Champions Score Runners-Up % Correct
1957 Egypt 4-0 Ethiopia
100%
1959 Egypt Round Robin Sudan
100%
1986 Egypt 0-0 | 5-4p Cameroon
100%
1998 Egypt 2-0 South Africa
100%
2006 Egypt 0-0 | 4-2p Ivory Coast
100%
2008 Egypt 1-0 Cameroon
100%
2010 Egypt 1-0 Ghana
100%
1976 Morocco Round Robin Guinea
100%
2025 Morocco 3-0 | Forfeit Senegal
100%
2021 Senegal 0-0 | 4-2p Egypt
100%
1990 Algeria 1-0 Nigeria
96%
2019 Algeria 1-0 Senegal
96%
1963 Ghana 3-0 Sudan
96%
1965 Ghana 3-2 Tunisia
96%
1978 Ghana 2-0 Uganda
96%
1982 Ghana 1-1 | 7-6p Libya
96%
1992 Ivory Coast 0-0 | 11-10p Ghana
96%
2015 Ivory Coast 0-0 | 9-8p Ghana
96%
2024 Ivory Coast 2-1 Nigeria
96%
1980 Nigeria 3-0 Algeria
96%
1994 Nigeria 2-1 Zambia
96%
2013 Nigeria 1-0 Burkina Faso
96%
2004 Tunisia 2-1 Morocco
96%
1996 South Africa 2-0 Tunisia
88%
1984 Cameroon 3-1 Nigeria
83%
1988 Cameroon 1-0 Nigeria
83%
2000 Cameroon 2-2 | 4-3p Nigeria
83%
2002 Cameroon 0-0 | 3-2p Senegal
83%
2017 Cameroon 2-1 Egypt
83%
1962 Ethiopia 4-2 Egypt
83%
2012 Zambia 0-0 | 8-7p Ivory Coast
83%
1968 DR Congo 1-0 Ghana
79%
1970 Sudan 1-0 Ghana
75%
1974 Zaire 2-0 | replay Zambia
50%
1972 Republic of Congo 3-2 Mali
13%
No matching quizzes found
Score Distribution
Percent of People with Each Score
Percentile by Number Answered
Your Score History
You have not taken this quiz since the last reset